My Little Pony: Friendship Is Magic Character Quiz - Statistics

General Stats
  • This quiz has been taken 534 times
  • The average score is 12 of 16
Answer Stats
Hint Answer % Correct
Princess Of Friendship And Magic Princess Twilight Sparkle
99%
Element Of Harmony Holder: Honesty Applejack
97%
Element Of Harmony Holder: Kindness Fluttershy
97%
Element Of Harmony Holder: Laughter Pinkie Diane Pie
97%
Element Of Harmony Holder: Loyalty RainbowDash
96%
Element Of Harmony Holder: Generosity Rarity
96%
Assistant To Princess Twilight Spike
93%
Princess Of The Night Princess Luna
74%
CMC Member AppleBloom
73%
Princess Of Equestria Princess Celestia
73%
CMC Member Scootaloo
63%
CMC Member Sweetie Belle
61%
Famous Background Pony, Has The "Derp" Eyes Derpy
56%
CMC Member Babs Seed
54%
Princess Of The Crystal Empire Princess Cadance
48%
New Villian Posted In MLP:FIM Comic Issues 5-8 Of The Comics. Its featured As Original Villian And Return Of Nightmare Moon Nightmare Rarity
13%
No matching quizzes found
Score Distribution
Percent of People with Each Score
Percentile by Number Answered
Your Score History
You have not taken this quiz